000 01254nam1a2200301 i 4500
001 RU\NLR\bibl\326206
005 20260407080201.0
035 _a(NLR Aleph) 000321205
090 _a98364
_c98364
100 _a20021024g20019999u y0rusy50 ca
101 0 _arus
102 _aRU
105 _ay |||||||||
200 1 _aАвторские программы
_fМ-во образования Рос. Федерации, Ин-т образоват. политики "Эврика", Усть-Илим. эксперим. лицей
210 _aБратск
_cБратск
_d2001
215 _d20
225 1 _aБиблиотечка учителя разновозрастного обучения
463 0 _1001319658
463 0 _1001327843
606 0 _aШкола
_jСборники
_xУчебные программы авторские
_92264522
_3RU\NLR\auth\661357574
606 0 _aРазновозрастное обучение
_jСборники
_92264533
_3RU\NLR\auth\661357581
686 _aЧ421.211
711 0 2 _aУсть-Илимский эксперим. лицей
_3RU\NLR\AUTH\8810040500
_9580101
801 0 _aRU
_bNLR
_c20021024
_gPSBO
801 1 _aRU
_bNLR
_c20021024
852 _aNLR
_j2002-3/24505
942 _cBOOK